Κατάλογος Βιβλιοθηκών Mediterranean College

Business / An Introduction: Eleventh Edition (Record no. 788)

MARC details
000 -LEADER
fixed length control field 02443cam a22002294a 4500
005 - ΗΜΕΡΟΜΗΝΙΑ ΚΑΙ ΩΡΑ ΤΕΛΕΥΤΑΙΑΣ ΕΝΗΜΕΡΩΣΗΣ
Πεδίο ελέγχου 20250605163945.0
008 - FIXED-LENGTH DATA ELEMENTS--GENERAL INFORMATION
Πεδίο ελέγχου σταθερού μήκους 250528s ||||||||||||||||||||||||d
035 ## - SYSTEM CONTROL NUMBER
System control number 15194
020 ## - ISBN
ISBN 538077514
040 ## - ΠΗΓΗ ΚΑΤΑΛΟΓΟΓΡΑΦΗΣΗΣ
Φορέας πρωτότυπης καταλογογράφησης MC Athens Campus Library
Γλώσσα καταλογογράφησης Ελληνικά, Μοντέρνα (1453-)
Modifying agency MC Athens Campus Library
Κανόνες περιγραφικής καταλογογράφησης AACR2
245 1# - ΤΙΤΛΟΣ ΚΑΙ ΔΗΛΩΣΗ ΥΠΕΥΘΥΝΟΤΗΤΑΣ
Τίτλος Business / An Introduction: Eleventh Edition
250 ## - EDITION STATEMENT
Edition statement 11th
260 ## - PUBLICATION, DISTRIBUTION, ETC.
Name of publisher, distributor, etc. South-Western Publishing Co,
Date of publication, distribution, etc. 1987
300 ## - PHYSICAL DESCRIPTION
Extent 834
505 0# - FORMATTED CONTENTS NOTE
Formatted contents note Preface, Overview of American Business, American Business Enterprise System, Business and Society, Forms of Business Ownership, Management and Organization of Human Resources, Organizing for Management, The Manager's Job, Staffing the Organization, Compensation for Human Resources, Labor-Management Relations, Production and Productivity, American Productivity, Production and Manufacturing Systems, Materials Management, Marketing, Marketing Management, Products and Their Distribution, Promotional Strategies, Prices and Pricing Policies, International Business, Information Management and Controls, Accounting and Financial Statements, Business Information and the Computer, Laws and Ethics for Business, Regulation of Business, Finance, Money and Banking, Financial Strategies, Security and Commodity Exchanges, Risk Management and Insurance, Business and You, Business Career Opportunities, Small Business and Franchising, Glossary, Index.
520 ## - SUMMARY, ETC.
Summary, etc. Preface, Overview of American Business, American Business Enterprise System, Business and Society, Forms of Business Ownership, Management and Organization of Human Resources, Organizing for Management, The Manager's Job, Staffing the Organization, Compensation for Human Resources, Labor-Management Relations, Production and Productivity, American Productivity, Production and Manufacturing Systems, Materials Management, Marketing, Marketing Management, Products and Their Distribution, Promotional Strategies, Prices and Pricing Policies, International Business, Information Management and Controls, Accounting and Financial Statements, Business Information and the Computer, Laws and Ethics for Business, Regulation of Business, Finance, Money and Banking, Financial Strategies, Security and Commodity Exchanges, Risk Management and Insurance, Business and You, Business Career Opportunities, Small Business and Franchising, Glossary, Index.
700 1# - ΠΡΟΣΘΕΤΗ ΑΝΑΓΡΑΦΗ--ΦΥΣΙΚΟ ΠΡΟΣΩΠΟ
Personal name Lowry James R
9 (RLIN) 1075
700 1# - ΠΡΟΣΘΕΤΗ ΑΝΑΓΡΑΦΗ--ΦΥΣΙΚΟ ΠΡΟΣΩΠΟ
Personal name Steade Richard D
9 (RLIN) 1076
942 ## - ADDED ENTRY ELEMENTS (KOHA)
Koha item type Books
Holdings
Τύπος τεκμηρίου Βιβλιοθήκη Τρέχουσα τοποθεσία Barcode Αριθμός εισαγωγής Ημερομηνία απόκτησης Ταξιθετικό σύμβολο Αριθμός αντιτύπου Κατάσταση απόσυρσης Κατάσταση χαμένου Κατάσταση κατεστραμμένου Μη δανεισμός Σύνολο δανεισμών Ημερομηνία τελευταίας εμφάνισης Η τιμή ισχύει από
Books MC Athens Campus Library MC Athens Campus Library 9780000007872 1429 05/06/2025 658 STE 1           05/06/2025 05/06/2025

MC Athens Campus Library
Πατησίων 94 & Κοδριγκτώνος 13, 104 34
Πελλήνης 8 & Πατησίων 107, 112 51
Τ: +30 210 8899600

MC Thessaloniki Campus Library
Ίωνος Δραγούμη 21, 54625 | Ίωνος Δραγούμη 15, 54625
Τ: +30 2310 287779 – Τ: +30 2314 440300